000 00847nab a2200241 u 4500
001 08721
003 HDC
007 cr bn ---aaaaa
008 210131c mydr|nes 0 a may d
040 _aHDC
100 _aZunaidah Zainon
_eauthor
_97610
245 0 _aPindaan Akta Binatang 1953 diluluskan Parlimen :
_bPemilik haiwan lebih bertanggungjawab /
_cby Zunaidah Zainon
260 _aKuala Lumpur :
_bBERITA HARIAN,
_c2012
336 _atext
_2rdacontent
337 _acomputer
_2rdamedia
338 _aonline resource
_2rdacarrier
650 _aBank guidelines
_99205
650 _aIslamic banking
_9270
856 _zRequest full-text at [email protected]
942 _2lcc
942 _cNEWS
942 _kNWSC 002871
999 _c6044
_d6044